000
00280nam a22001337a 4500
008
181015b xxu||||| |||| 00| 0 eng d
020
_a
0880482834
041
_a
eng
080
_a
159.9
100
_a
48
101
_a
PSI
245
_a
Case Book
_c
Spitzer,R.L
942
_2
udc
_c
BK
999
_c
49642
_d
49642